Đại đoàn kết.
Sparad:
| Materialtyp: | Periodisk publikation |
|---|---|
| Språk: | Vietnamese |
| Publicerad: |
Hà Nội :
Cơ quan Trung ương của Mặt trận Tổ Quốc Việt Nam.
|
| Ämnen: | |
| Taggar: |
Lägg till en tagg
Inga taggar, Lägg till första taggen!
|
| Thư viện lưu trữ: | Mạng thư viện Đại học Đà Nẵng |
|---|
| LEADER | 00839cas a2200301 a 4500 | ||
|---|---|---|---|
| 001 | 000042197 | ||
| 003 | 70 | ||
| 005 | 20110817093013.0 | ||
| 008 | 110817b vm 000 vie | ||
| 040 | |a IRC |c IRC |d IRC | ||
| 041 | 0 | |a vie | |
| 082 | 1 | 4 | |a 000.05 |b Đa-Đ |
| 245 | 0 | 0 | |a Đại đoàn kết. |
| 260 | |a Hà Nội : |b Cơ quan Trung ương của Mặt trận Tổ Quốc Việt Nam. | ||
| 300 | |a 12 tr. ; |c 29 x 42 cm. | ||
| 321 | |a Phát hành từ thứ 2 đến thứ 7. | ||
| 630 | 0 | 4 | |a Đoàn kết. |
| 650 | 0 | 4 | |a Đại đoàn kết |v Ấn phẩm định kỳ. |
| 653 | |a Mặt trận Tổ Quốc Việt Nam. | ||
| OWN | |a DUT | ||
| 999 | |a From the UDN01 | ||
| TYP | |a Printed language | ||
| 980 | |a Mạng thư viện Đại học Đà Nẵng | ||